[Event "Bhopal GM Open 2018"]
[Site "Bhopal"]
[Date "2018.12.24"]
[Round "6"]
[White "Aleksandrov, Aleksej"]
[Black "Vaibhav Jayant Raut"]
[Result "*"]
[WhiteElo "2590"]
[BlackElo "2005"]
[Annotator "TA"]
[PlyCount "35"]
[EventDate "2018.12.21"]
[EventType "swiss"]
[EventCountry "IND"]
[SourceTitle "playchess.com"]
[Source "ChessBase"]
[SourceQuality "1"]

{[%evp 15,16,5,14]} 1. d4 Nf6 2. c4 e6 3. Nc3 Bb4 4. e3 b6 5. Bd3 Bb7 6. Nf3 O-O 7. Bd2 d6 8. Qc2 Nbd7 {LiveBook: 15 Games. E21: Nimzo-Indian: 4 Nf3} {Predecessor:} 9. a3 $146 Bxc3 10. Bxc3 c5 11. Ng5 h6 12. Nh7 Nxh7 13. Bxh7+ Kh8 14. Be4 Bxe4 15. Qxe4 d5 16. Qd3 dxc4 17. Qxc4 cxd4 18. Qxd4 {½-½ (28) Vitiugov,N (2721)-Duda,J (2660) Tallinn 2016} *

[Event "Bhopal GM Open 2018"]
[Site "Bhopal"]
[Date "2018.12.24"]
[Round "6"]
[White "Movsziszian, Karen"]
[Black "Pimpalkhare Vedant"]
[Result "*"]
[WhiteElo "2505"]
[BlackElo "1982"]
[Annotator "TA"]
[PlyCount "30"]
[EventDate "2018.12.21"]
[EventType "swiss"]
[EventCountry "IND"]
[SourceTitle "playchess.com"]
[Source "ChessBase"]
[SourceQuality "1"]

{[%evp 11,12,-10,-14]} 1. e4 e6 2. d3 d5 3. Nd2 c5 4. g3 Bd6 5. Bg2 Ne7 6. f4 Nbc6 {LiveBook: 25 Games} {Predecessor:} 7. Nh3 $146 O-O 8. O-O Bc7 9. c3 b5 10. Nf3 b4 11. c4 dxe4 12. dxe4 e5 13. Be3 Qxd1 14. Raxd1 Nd4 15. Nxd4 cxd4 {0-1 (38) Vorobiov,E (2584)-Hansen,E (2557) Cappelle-la-Grande 2013} *

[Event "Bhopal GM Open 2018"]
[Site "Bhopal"]
[Date "2018.12.24"]
[Round "6"]
[White "Movsziszian, Karen"]
[Black "Pimpalkhare Vedant"]
[Result "1-0"]
[WhiteElo "2505"]
[BlackElo "1982"]
[Annotator "TA"]
[PlyCount "67"]
[EventDate "2018.12.21"]
[EventType "swiss"]
[EventCountry "IND"]
[SourceTitle "playchess.com"]
[Source "ChessBase"]
[SourceQuality "1"]

{[%evp 12,67,0,-7,0,-2,0,0,0,-1,49,45,51,51,83,83,112,83,83,83,82,87,111,104,112,112,104,97,126,74,108,98,102,104,108,43,118,117,181,148,380,349,439,453,422,417,621,609,660,643,757,737,778,727,919,891,1392,1584]} 1. e4 e6 2. d3 d5 3. Nd2 c5 4. g3 Bd6 5. Bg2 Ne7 6. f4 Nbc6 7. Ngf3 {LiveBook: 21 Games. C00: French: Unusual White 2nd moves} (7. Nh3 O-O 8. O-O Bc7 9. c3 b5 10. Nf3 b4 11. c4 dxe4 12. dxe4 e5 13. Be3 Qxd1 14. Raxd1 Nd4 15. Nxd4 cxd4 {0-1 (38) Vorobiov,E (2584)-Hansen,E (2557) Cappelle-la-Grande 2013}) 7... b6 8. O-O Bb7 9. Re1 {The position is equal.} Qd7 $146 ({Predecessor:} 9... O-O 10. Nh4 Qd7 11. Bh3 f5 12. Ndf3 d4 13. Ng5 h6 14. Qh5 hxg5 15. fxg5 {1-0 (37) Ott,W (2215)-Brinck Claussen,B (2380) Stockholm 1977}) 10. c3 O-O-O 11. a3 Kb8 12. b4 Ka8 13. e5 Bc7 14. Nb3 c4 15. Nbd4 Nxd4 16. Nxd4 cxd3 17. Qxd3 Nc6 18. a4 Nxd4 19. Qxd4 Rc8 20. a5 (20. Be3 $142) 20... b5 21. Be3 {[%csl Ge3][%cal Rd4a7] [#]} Bb8 22. a6 $36 {[%mdl 2048] White is on the roll.} Bc6 23. Ra5 (23. Qd2 $16) 23... Qc7 ({Black should try} 23... h5 $1 $14) 24. Bf1 g5 (24... Qd7 $16 25. Rb1 Rhf8) 25. Bxb5 Bxb5 $2 {[#]} (25... gxf4 $16 26. gxf4 Qd8) 26. Rxb5 $18 gxf4 27. Rb7 fxe3 28. Rxc7 Bxc7 (28... Rxc7 $142 29. Qxe3 Rhc8) 29. c4 {[%cal Bc3c4,Bc4c5][%mdl 32] White is clearly winning.} Rhd8 30. c5 Rb8 31. Rxe3 Rb5 32. Rb3 Rdb8 33. Kg2 Ba5 34. Qf4 {Precision: White = 81%, Black = 26%.} 1-0

[Event "Bhopal GM Open 2018"]
[Site "Bhopal"]
[Date "2018.12.24"]
[Round "6"]
[White "Khusenkhojaev, Muhammad"]
[Black "Bakshi, Rutuja"]
[Result "1-0"]
[WhiteElo "2455"]
[BlackElo "1981"]
[Annotator "TA"]
[PlyCount "133"]
[EventDate "2018.12.21"]
[EventType "swiss"]
[EventCountry "IND"]
[SourceTitle "playchess.com"]
[Source "ChessBase"]
[SourceQuality "1"]

{[%evp 16,133,43,41,66,59,69,54,79,82,85,81,95,84,125,117,116,124,116,109,111,120,116,111,97,81,93,21,120,120,114,122,130,108,129,129,239,241,255,255,274,269,337,268,252,256,268,198,189,194,194,183,243,249,248,249,248,257,244,162,172,170,193,185,275,205,552,527,518,512,920,798,762,717,1157,1157,1045,564,1152,558,5543,394,5181,5356,4814,4653,2189,2012,1727,1787,5941,4694,29974,29975,29974,4877,1547,1653,29971,29972,12796,12175,29979,29980,29981,29982,29989,29990,29990,29988,29991,29992,29994,29995,29995,29996,29997,29996,29996,29997]} 1. Nf3 Nf6 2. c4 g6 3. d4 c5 4. g3 d6 5. Nc3 Nbd7 6. Bg2 Bg7 7. O-O O-O 8. h3 a6 9. e4 {LiveBook: 12 Games} Qc7 {E67: King's Indian: Fianchetto: 6...Nbd7} (9... Rb8 10. Be3 cxd4 11. Nxd4 Nc5 12. Rc1 Bd7 13. b4 Ne6 14. Nb3 b6 15. Qd2 Be8 16. Rfe1 Nd7 17. Nd5 Kh8 18. f4 Rg8 19. Kh2 Nc7 {1-0 (42) Blagojevic,D (2514)-Gonzalez Zamora,J (2553) Istanbul 2012}) 10. d5 Rb8 11. a4 $1 Ne5 {White is slightly better.} 12. Nxe5 $146 ({Predecessor:} 12. Qe2 Nxf3+ 13. Qxf3 Bd7 14. Qe2 e5 15. dxe6 Bxe6 16. g4 h5 17. g5 Nd7 18. f4 {1-0 (37) Reizniece,D (2243)-Pfau,B (2063) Germany 2016}) 12... dxe5 13. Be3 Ne8 14. a5 Bd7 {[#]} 15. Na4 $1 Bxa4 16. Qxa4 Nd6 17. Rfc1 b5 18. cxb5 axb5 19. Qa3 c4 20. g4 f5 21. f3 (21. a6 $16) 21... Rfc8 (21... b4 $11 22. Qa2 c3) 22. a6 $36 {[%cal Ba5a6,Ba6a7][%mdl 2080] White has strong initiative.} Ra8 23. Qb4 Qd7 24. Ra5 fxe4 25. fxe4 e6 (25... Bf8 $16 {was called for.} 26. Qc3 Nf7) 26. dxe6 $18 Qxe6 27. a7 Bf8 28. Ra6 Qd7 29. Qd2 Rd8 30. Qd5+ Nf7 31. Bb6 Qxd5 32. exd5 Rd6 {[#] And now ...Rxb6! would win.} 33. Kh1 $1 Rxa7 (33... Rxb6 $142 34. Rxb6 Rxa7 35. Rxb5 Bh6) 34. Rxa7 Rxb6 35. Rf1 Nd6 36. Ra8 Nf7 37. d6 Rxd6 38. Rb8 Rd7 39. Bc6 Rd2 (39... Rc7 {was necessary.}) 40. Rxb5 Ng5 $2 (40... Bh6 41. Bd5 Bf4 42. Bxc4 Rd7) 41. Bd5+ Kg7 42. h4 Nh3 (42... Be7 $142 43. Bxc4 Rc2 44. hxg5 Bxg5) 43. Rf7+ Kh6 44. Rxf8 Nf2+ {[#]} 45. Rxf2 $1 Rxf2 46. Bxc4 {[%mdl 4096] Endgame KRB-KR} e4 47. Re5 Rxb2 48. Rxe4 $2 (48. Re7 {Bg8 would kill now.} Rb8 49. g5+ Kh5 50. Rxe4) 48... Rd2 $2 (48... Rb7 49. Kh2 Kg7) 49. g5+ Kg7 50. Re7+ Kf8 51. Rf7+ Ke8 52. Rxh7 Rd6 53. Kg2 Kf8 54. Rf7+ Ke8 55. Rf4 (55. Rf6 $142 Rd4 56. Bb5+ Kd8 57. Kg3 Ke7 58. Rxg6 Rb4 59. Bc6 Rb3+ 60. Kf4) 55... Ke7 56. Kg3 Rb6 57. Rf7+ Ke8 58. Rf6 Rb4 59. Bf7+ {White mates.} Kf8 60. Bxg6+ Kg7 61. h5 {[%cal Bh4h5,Bh5h6,Bh6h7][%mdl 32]} Rb3+ 62. Rf3 Rb4 63. Bd3 Rb6 64. h6+ Kg8 65. g6 Rb4 66. h7+ Kg7 67. Rf7+ {Precision: White = 62%, Black = 42%.} 1-0

[Event "Bhopal GM Open 2018"]
[Site "Bhopal"]
[Date "2018.12.24"]
[Round "6"]
[White "Khusenkhojaev, Muhammad"]
[Black "Bakshi, Rutuja"]
[Result "*"]
[WhiteElo "2455"]
[BlackElo "1981"]
[Annotator "TA"]
[PlyCount "32"]
[EventDate "2018.12.21"]
[EventType "swiss"]
[EventCountry "IND"]
[SourceTitle "playchess.com"]
[Source "ChessBase"]
[SourceQuality "1"]

{[%evp 14,15,50,10]} 1. Nf3 Nf6 2. c4 g6 3. d4 c5 4. g3 d6 5. Nc3 Nbd7 6. Bg2 Bg7 7. O-O O-O 8. h3 {LiveBook: 7 Games} {Predecessor:} a6 $146 9. a4 Rb8 10. a5 b6 11. axb6 Qxb6 12. d5 Ne8 13. Qd3 e5 14. dxe6 fxe6 15. Rd1 Ne5 16. Nxe5 Bxe5 {1-0 (37) Karpov,A (2692)-Hoffman,A (2481) Buenos Aires 2001} *

[Event "Bhopal GM Open 2018"]
[Site "Bhopal"]
[Date "2018.12.24"]
[Round "6"]
[White "Nitin, S.."]
[Black "Shyaamnikhil P"]
[Result "*"]
[WhiteElo "2450"]
[BlackElo "2448"]
[Annotator "TA"]
[PlyCount "30"]
[EventDate "2018.12.21"]
[EventType "swiss"]
[EventCountry "IND"]
[SourceTitle "playchess.com"]
[Source "ChessBase"]
[SourceQuality "1"]

{[%evp 6,6,24]} 1. d4 Nf6 2. Nf3 e6 3. g3 c5 {Predecessor:} 4. Bg2 $146 cxd4 5. Nxd4 d5 6. O-O e5 7. Nb3 Be6 8. Bg5 Nbd7 9. e4 dxe4 10. Bxe4 Qc7 11. Bg2 Be7 12. Nc3 O-O 13. Re1 Rad8 14. Qe2 h6 15. Bxf6 Bxf6 {½-½ (107) Caruana,F (2802)-Nakamura,H (2786) chess.com INT 2017} *

[Event "Bhopal GM Open 2018"]
[Site "Bhopal"]
[Date "2018.12.24"]
[Round "6"]
[White "Nitin, S.."]
[Black "Shyaamnikhil P"]
[Result "1/2-1/2"]
[WhiteElo "2450"]
[BlackElo "2448"]
[Annotator "TA"]
[PlyCount "21"]
[EventDate "2018.12.21"]
[EventType "swiss"]
[EventCountry "IND"]
[SourceTitle "playchess.com"]
[Source "ChessBase"]
[SourceQuality "1"]

{[%evp 11,21,-22,14,-15,0,0,0,0,8,-5,0,-26]} 1. d4 Nf6 2. Nf3 e6 3. g3 c5 4. Bg2 Nc6 5. O-O d5 6. c3 Qb6 {LiveBook: 34 Games. The position is equal.} 7. Qb3 {D02: 1 d4 d5 2 Nf3 sidelines, including 2...Nf6 3 g3 and 2...Nf6 3 Bf4} (7. dxc5 Bxc5 8. b4 Be7 9. a3 O-O 10. Qc2 e5 11. c4 e4 12. Nfd2 Nd4 13. Qd1 e3 14. fxe3 Nf5 {0-1 (34) Niemann,H (2313)-Vorontsov,P (2564) Philadelphia 2018}) 7... cxd4 8. Qxb6 axb6 9. cxd4 $146 ({Predecessor:} 9. Nxd4 Bc5 10. e3 O-O 11. a3 Bd7 12. b4 Be7 13. Nd2 Rfc8 14. Bb2 Ne5 {0-1 (30) Ringler,C-Fising,R Postbauer 1998}) 9... Ne4 10. Nbd2 Nd6 11. e3 1/2-1/2

[Event "Bhopal GM Open 2018"]
[Site "Bhopal"]
[Date "2018.12.24"]
[Round "6"]
[White "Nguyen, Van Huy"]
[Black "Anuj Shrivatri"]
[Result "*"]
[WhiteElo "2438"]
[BlackElo "2357"]
[Annotator "TA"]
[PlyCount "37"]
[EventDate "2018.12.21"]
[EventType "swiss"]
[EventCountry "IND"]
[SourceTitle "playchess.com"]
[Source "ChessBase"]
[SourceQuality "1"]

{[%evp 19,20,48,43]} 1. d4 Nf6 2. c4 g6 3. Nc3 Bg7 4. e4 d6 5. Nf3 O-O 6. Be2 e5 7. Be3 Ng4 8. Bg5 f6 9. Bh4 g5 10. Bg3 Nh6 {LiveBook: 608 Games} {Predecessor:} 11. h3 $146 exd4 12. Nxd4 Nc6 13. h4 Nxd4 14. Qxd4 f5 15. Qd5+ Kh8 16. hxg5 Qxg5 17. c5 Bd7 18. Rh5 Qg6 19. cxd6 {1-0 (52) Inarkiev,E (2723)-Smirin,I (2670) Moscow 2017} *

[Event "Bhopal GM Open 2018"]
[Site "Bhopal"]
[Date "2018.12.24"]
[Round "6"]
[White "Nguyen, Van Huy"]
[Black "Anuj Shrivatri"]
[Result "1-0"]
[WhiteElo "2438"]
[BlackElo "2357"]
[Annotator "TA"]
[PlyCount "169"]
[EventDate "2018.12.21"]
[EventType "swiss"]
[EventCountry "IND"]
[SourceTitle "playchess.com"]
[Source "ChessBase"]
[SourceQuality "1"]

{[%evp 23,169,18,18,25,23,18,10,10,5,12,29,43,39,0,10,4,7,0,27,0,94,2,42,49,49,40,40,47,35,41,114,54,118,103,108,108,144,134,129,148,172,164,200,182,196,195,192,190,196,177,243,229,258,149,182,145,147,151,145,137,135,138,130,119,133,118,287,156,283,97,285,287,284,251,278,277,305,293,353,352,331,287,460,455,504,518,29955,29956,29957,29960,29961,29959,29963,29964,29962,29942,12850,29942,29942,12849,29946,29947,29937,29940,29947,29947,29943,29944,29948,29946,29951,29952,4831,8854,29955,29957,29962,29959,29963,29956,29963,29964,29964,29965,29966,29967,29967,29968,29968,29969,29969,29969,29971,29972,29971,29967,29968,29968,29973,29973,29962,5389,29983,29984,29984,29985,29983,29977]} 1. d4 Nf6 2. c4 g6 3. Nc3 Bg7 4. e4 d6 5. Nf3 O-O 6. Be2 e5 7. Be3 Ng4 8. Bg5 f6 9. Bh4 g5 10. Bg3 Nh6 11. dxe5 dxe5 12. c5 {E92: King's Indian: Classical: 6 Be2 e5: 7 dxe5, 7 Be3 and Petrosian System without 7...Nbd7} (12. Qxd8 Rxd8 13. h4 g4 14. Nd2 Na6 15. O-O-O f5 16. f4 Re8 17. Bh2 c6 18. Rhe1 exf4 19. Bxf4 Nc5 20. Bf1 Nf7 {½-½ (36) Kovalyov,A (2613)-Smirin,I (2663) Arlington 2015}) 12... Be6 {LiveBook: 5 Games} 13. O-O g4 $146 ({Predecessor:} 13... c6 14. Qc2 Na6 15. Rfd1 Qe7 16. Bxa6 bxa6 17. Rd6 Qe8 18. Qa4 Nf7 19. Rdd1 Qc8 {0-1 (39) Peschardt,S (2430)-Cutillas Ripoll,P (2451) ICCF email 2007}) 14. Nd2 {White has an edge.} Nc6 15. Bc4 Bxc4 16. Nxc4 Nd4 17. Ne2 Ne6 18. b4 (18. Qc2 {looks sharper.} Qe7 19. b4 b6 20. Rac1 bxc5 21. bxc5 Qxc5 22. Qa4) 18... Qxd1 19. Rfxd1 Rfd8 20. Bh4 Nf7 21. Ne3 $36 {[%mdl 2048] White has good play.} h5 (21... Nh6 $11 {keeps the balance.}) 22. Nd5 (22. Ng3 $1 $16) 22... Nfg5 23. Bxg5 fxg5 24. c6 bxc6 25. Ne7+ {[%mdl 64] Double Attack} Kf7 26. Nxc6 Rxd1+ 27. Rxd1 Ke8 (27... Nd4 $1 $14 28. Nexd4 exd4) 28. Ng3 $16 Nd4 29. Nxh5 Bh8 {[#]} 30. Na5 $1 Rb8 31. a3 Kf7 32. Nc4 Kg6 33. Ng3 c5 34. bxc5 Rc8 35. Nf1 Ne2+ 36. Kh1 Nc3 (36... Nd4 $142 37. Nce3 Rxc5 38. Nxg4 a5) 37. Rd6+ $18 Kf7 38. Ncd2 (38. c6 $18) 38... Rxc5 39. Rd7+ Ke6 40. Rxa7 Bf6 41. g3 Nd1 42. Kg2 Rc2 43. Ra6+ Kf7 44. Ra5 Ra2 $2 (44... Be7 $16) 45. Rd5 ({White should play} 45. Rc5 $18) 45... Ke6 (45... Rc2 $16 {might work better.} 46. f3 Ra2) 46. Kg1 $2 (46. Rc5 $18 {is more deadly.}) 46... Be7 $2 (46... Rc2 $16 {was called for.}) 47. Nc4 $1 {[%csl LRd1,LRe5][%mdl 64] Discovered Attack} Nxf2 48. Rxe5+ Kd7 49. Rd5+ Ke6 50. Rd2 Rxd2 51. Nfxd2 {[%mdl 4096] Endgame KBN-KNN} ({Not} 51. Ncxd2 Bc5 $14) 51... Nd3 52. Kf1 Bc5 $2 (52... Nc5 {was worth a try.} 53. Ke2 Bf6) 53. Nb3 Ba7 54. Ke2 Ne5 (54... Nf2 $18 55. Nbd2 Nh3) 55. Nxe5 Kxe5 {KB-KN} 56. Kd3 Bg1 57. Nc1 Ba7 58. a4 Bb6 59. Ne2 Bc7 60. Nd4 (60. Nc3 $18 Bb6 61. Nd5) 60... Bb6 61. Nc6+ (61. Nf5 $142 Ba5 62. Ne3 Bd8 63. Nc4+ Ke6 64. a5 Kd7 65. Ne5+ Kc7 66. Kc4) 61... Kd6 62. a5 Bc7 63. Nd4 Bxa5 64. Nf5+ Ke6 65. Ne3 Bb6 66. Nxg4 Ba7 67. Ke2 Bb6 68. Ne3 Bd4 69. Kf3 Ba7 70. Nc4 Bg1 71. h3 {[%cal Bh2h3,Bh3h4][%mdl 32]} Ba7 72. Kg4 Bf2 73. Nd2 Ke5 74. Nf3+ Kxe4 75. Nxg5+ Ke5 76. h4 Be3 77. Kh5 Bf2 78. g4 {[%cal Bg3g4,Bg4g5,Bg5g6][%mdl 32]} Bg3 79. Nf3+ Ke4 80. Nd2+ Ke5 81. g5 Kf5 82. Nf3 (82. g6 $142 Be5 83. Kh6 Kg4 84. h5 Bc3 85. Ne4 Bd4 {[#]} 86. Ng3 $1 {[%mdl 512]} Be3+ 87. Kh7) 82... Bf2 83. g6 {White mates.} Kf6 84. Kh6 Be3+ 85. Kh7 {Accuracy: White = 74%, Black = 33%.} 1-0

[Event "Bhopal GM Open 2018"]
[Site "Bhopal"]
[Date "2018.12.24"]
[Round "6"]
[White "Rathnakaran, K.."]
[Black "Dhrupad Kashyap"]
[Result "1-0"]
[WhiteElo "2366"]
[BlackElo "1942"]
[Annotator "TA"]
[PlyCount "57"]
[EventDate "2018.12.21"]
[EventType "swiss"]
[EventCountry "IND"]
[SourceTitle "playchess.com"]
[Source "ChessBase"]
[SourceQuality "1"]

{[%evp 9,57,-11,-14,-21,-15,-39,-20,-9,-11,-14,-16,-25,-14,-49,-39,-29,-39,-41,-43,-45,0,0,0,0,10,15,13,15,25,20,33,23,106,110,301,190,99,66,535,527,522,520,521,425,419,426,5493,5489,2787,2287]} 1. e4 c5 2. Nf3 d6 3. c3 Nf6 4. h3 g6 5. d3 (5. Bd3 Bg7 6. Bc2 e5 7. d4 cxd4 8. cxd4 exd4 9. Nxd4 O-O 10. O-O Nc6 11. Be3 Re8 12. Nc3 d5 13. exd5 Nxd5 14. Nxd5 Nxd4 15. Bxd4 Qxd5 16. Bxg7 Qxd1 17. Rfxd1 Kxg7 {½-½ (25) Andreikin,D (2736)-Artemiev,V (2663) Sochi 2016}) 5... Bg7 6. Be3 {B50: Sicilian: 2...d6, Miscellaneous} O-O 7. Qd2 c4 8. Na3 $146 {The position is equal.} ({Predecessor:} 8. Bh6 cxd3 9. Bxd3 Nc6 10. Bxg7 Kxg7 11. O-O Qa5 12. Nd4 Ne5 {1-0 (47) Stoll,R (1699)-Hinrichs,W (1231) Hamburg 2018}) 8... cxd3 9. Bxd3 b6 10. Bh6 Bb7 11. h4 Nbd7 {[%cal Bb8d7,Bd7c5,Bc5d3][%mdl 32]} ({Reject} 11... Bxe4 $6 12. Bxg7 Kxg7 13. Bxe4 $16) ({But not} 11... Nxe4 $2 12. Bxe4 Bxe4 13. Bxg7 $18) 12. h5 Nc5 {White must now prevent ...Bxh6.} ({Avoid the trap} 12... Nxh5 $2 13. Rxh5 $1 {[%mdl 512]} Nc5 14. Rh1 $18) 13. hxg6 Nxd3+ 14. Qxd3 {gxh7+ is the strong threat.} hxg6 15. Bxg7 Kxg7 16. Ng5 $36 {[%mdl 2048] White is pushing.} Qc8 {And now ...Qg4 would win.} 17. f3 Qc5 18. Qd2 Rh8 19. O-O-O a5 20. Nc2 {[%cal Ba3c2,Bc2d4,Bd4b3][%mdl 32]} b5 (20... a4 $11) 21. Nd4 $16 Rxh1 $2 (21... Qc4 $16) 22. Rxh1 Kg8 {and if ...b4 works, Black does fine.} 23. Nb3 Qc7 $2 {[%mdl 8192] [#]} (23... Qb6 $1 $14) 24. g4 $1 $18 e5 25. Qh2 {[%csl Gh1][%cal Rh2h8]} Kf8 {[#]} 26. Ne6+ $1 {[%mdl 512]} fxe6 27. Qh8+ {[%mdl 64] Double Attack} Ke7 (27... Ng8 $142) 28. Qg7+ {[%mdl 64] Double Attack} Kd8 29. Rh8+ {Accuracy: White = 59%, Black = 35%.} 1-0

[Event "Bhopal GM Open 2018"]
[Site "Bhopal"]
[Date "2018.12.24"]
[Round "6"]
[White "Rathnakaran, K.."]
[Black "Dhrupad Kashyap"]
[Result "*"]
[WhiteElo "2366"]
[BlackElo "1942"]
[Annotator "TA"]
[PlyCount "24"]
[EventDate "2018.12.21"]
[EventType "swiss"]
[EventCountry "IND"]
[SourceTitle "playchess.com"]
[Source "ChessBase"]
[SourceQuality "1"]

{[%evp 9,13,-7,1,-21,-12,-27]} 1. e4 c5 2. Nf3 d6 3. c3 Nf6 4. h3 g6 5. d3 (5. Bd3 Bg7 6. Bc2 e5 7. d4 cxd4 8. cxd4 exd4 9. Nxd4 O-O 10. O-O Nc6 11. Be3 Re8 12. Nc3 d5 13. exd5 Nxd5 14. Nxd5 Nxd4 15. Bxd4 Qxd5 16. Bxg7 Qxd1 17. Rfxd1 Kxg7 {½-½ (25) Andreikin,D (2736)-Artemiev,V (2663) Sochi 2016}) 5... Bg7 6. Be3 {B50: Sicilian: 2...d6, Miscellaneous} O-O 7. Qd2 {Predecessor:} c4 $146 8. Bh6 cxd3 9. Bxd3 Nc6 10. Bxg7 Kxg7 11. O-O Qa5 12. Nd4 Ne5 {1-0 (47) Stoll,R (1699)-Hinrichs,W (1231) Hamburg 2018} *

[Event "Bhopal GM Open 2018"]
[Site "Bhopal"]
[Date "2018.12.24"]
[Round "6"]
[White "Tran, Minh Thang"]
[Black "Tran, Tuan Minh"]
[Result "1/2-1/2"]
[WhiteElo "2342"]
[BlackElo "2524"]
[Annotator "TA"]
[PlyCount "47"]
[EventDate "2018.12.21"]
[EventType "swiss"]
[EventCountry "IND"]
[SourceTitle "playchess.com"]
[Source "ChessBase"]
[SourceQuality "1"]

{[%evp 10,47,10,6,37,48,40,35,27,10,15,8,9,0,0,0,11,4,8,-1,-8,-3,0,0,0,0,3,0,0,0,0,0,0,0,8,0,0,0,39,26]} 1. d4 Nf6 2. Bf4 c5 3. dxc5 Na6 4. Qd4 Qa5+ 5. c3 Qxc5 6. e3 {LiveBook: 6 Games. A45: Trompowsky Attack} Qb6 $146 ({Predecessor:} 6... e6 7. Nd2 b6 8. Nb3 Qc6 9. Nf3 Nc5 10. Ne5 Qb7 11. Nc4 {1-0 (58) Aronian,L (2799)-Nepomniachtchi,I (2751) Saint Louis 2017}) 7. Qxb6 axb6 8. Na3 d6 9. f3 Nd5 10. Bb5+ Kd8 11. Ne2 Nac7 {[#] Threatens to win with ...Rxa3!} 12. Bc4 e5 13. Bg5+ f6 14. Rd1 Be6 15. e4 fxg5 16. Bxd5 Bxd5 17. exd5 b5 18. Ng3 Kd7 19. Ke2 Ra4 20. h3 Be7 21. Ne4 Rha8 22. Rd2 R8a5 23. Rhd1 Bd8 24. Kd3 {Accuracy: White = 66%, Black = 70%.} 1/2-1/2

[Event "Bhopal GM Open 2018"]
[Site "Bhopal"]
[Date "2018.12.24"]
[Round "6"]
[White "Sahoo, Utkal Ranjan"]
[Black "Deviatkin, Andrei"]
[Result "*"]
[WhiteElo "2286"]
[BlackElo "2464"]
[Annotator "TA"]
[PlyCount "38"]
[EventDate "2018.12.21"]
[EventType "swiss"]
[EventCountry "IND"]
[SourceTitle "playchess.com"]
[Source "ChessBase"]
[SourceQuality "1"]

{[%evp 12,13,47,36]} 1. d4 d5 2. c4 c6 3. Nc3 {[%cal Bb1c3,Bc3e4,Be4g3][%mdl 32]} e5 4. dxe5 d4 5. Ne4 Qa5+ 6. Bd2 Qxe5 7. Ng3 $1 {LiveBook: 87 Games} {Predecessor:} Nf6 $146 8. Nf3 Qd6 9. Qc2 Be7 10. O-O-O O-O 11. e3 dxe3 12. Bxe3 Qb4 13. Bd3 Na6 14. Rhe1 Qa5 15. a3 Re8 16. Bd2 Qb6 17. Bc3 Be6 18. Ng5 Nc5 19. Nxe6 Nxe6 {1-0 (57) Le,Q (2693)-Ivanchuk,V (2769) Astana 2012} *

[Event "Bhopal GM Open 2018"]
[Site "Bhopal"]
[Date "2018.12.24"]
[Round "6"]
[White "Sahoo, Utkal Ranjan"]
[Black "Deviatkin, Andrei"]
[Result "1/2-1/2"]
[WhiteElo "2286"]
[BlackElo "2464"]
[Annotator "TA"]
[PlyCount "92"]
[EventDate "2018.12.21"]
[EventType "swiss"]
[EventCountry "IND"]
[SourceTitle "playchess.com"]
[Source "ChessBase"]
[SourceQuality "1"]

{[%evp 14,92,46,46,50,9,15,0,0,0,5,-4,4,-8,-14,-6,-10,-13,0,0,-2,-2,0,0,0,0,0,0,0,0,4,-6,-7,-10,-12,-21,-14,-41,-25,-24,-43,-84,-89,-79,-32,-34,-31,-25,-19,-97,-37,-55,-33,-39,-29,-48,0,0,0,-6,-6,-6,-6,-70,-70,-72,-73,-75,-77,-79,0,0,0,-8,0,0,0,0,0,-4598,-2048]} 1. d4 d5 2. c4 c6 3. Nc3 e5 4. dxe5 d4 5. Ne4 Qa5+ 6. Bd2 Qxe5 7. Ng3 Nf6 {D10: Slav Defence: 3 cxd5 (without early Nf3) and 3 Nc3} 8. Nf3 {LiveBook: 57 Games} Qc5 (8... Qd6 9. Qc2 Be7 10. O-O-O O-O 11. e3 dxe3 12. Bxe3 Qb4 13. Bd3 Na6 14. Rhe1 Qa5 15. a3 Re8 16. Bd2 Qb6 17. Bc3 Be6 18. Ng5 Nc5 19. Nxe6 Nxe6 {1-0 (57) Le,Q (2693)-Ivanchuk,V (2769) Astana 2012}) 9. Qc2 Be6 {The position is equal.} 10. e3 dxe3 11. Bxe3 $146 ({Predecessor:} 11. fxe3 Bd6 12. Ne4 Nxe4 13. Qxe4 Nd7 14. Bc3 Nf6 15. Qd4 {0-1 (80) Meszaros,B (2307)-Pletl,A (2228) Subotica 2011}) 11... Qa5+ 12. Bd2 Bb4 13. O-O-O Na6 14. a3 Bxd2+ 15. Qxd2 Qb6 16. Ng5 Nc5 17. Qd6 {Hoping for b4.} Rd8 18. Qxd8+ Qxd8 19. Rxd8+ Kxd8 20. b4 h6 21. Nxe6+ Nxe6 22. Be2 g6 23. h4 h5 24. Rd1+ Ke7 25. Bf3 Ng4 26. Rd2 f5 27. Kc2 Ne5 28. Be2 {[#]} a5 $1 {[%mdl 512]} 29. Nf1 $1 (29. bxa5 Ra8) 29... axb4 30. axb4 Ra8 31. g3 (31. c5 $11) 31... Ra1 (31... f4 $17 32. Kb3 Ra1) 32. f4 Nd7 33. Bd1 Nf6 {Strongly threatening ...Ne4.} 34. Kb2 Ra8 35. Bc2 Ng4 36. Bd1 c5 37. Bxg4 hxg4 $11 {[%mdl 4096] Endgame KRN-KRN} 38. Ne3 ({White should try} 38. b5 $11) 38... cxb4 $15 {...Ra3 is the strong threat.} 39. Nd5+ {[#]} Kf8 $1 {And now ...Ra3 would win.} 40. Nxb4 Nc5 41. Rd6 Ne4 (41... Kg7 $17) 42. Rxg6 $11 Nxg3 43. Nd5 Ra6 44. Rg5 Rh6 45. Ne3 $1 Rxh4 46. Rxg4 $2 {[%mdl 8192]} (46. Nxf5 $11 Rh2+ 47. Kb3 Nxf5 48. Rxf5+ Ke7 49. Rg5) 46... fxg4 {[%mdl 32768] Accuracy: White = 51%, Black = 65%. . An unexpected result.} 1/2-1/2